Financovanie aktivít samosprávnych celkov na Slovensku súvisiacich s rozvojom regiónu bakalárska práca

Gespeichert in:
Bibliographische Detailangaben
1. Verfasser: Súkennik, Samuel
Körperschaft: Národohospodárska fakulta EU. Katedra financií
Weitere Verfasser: Neupauerová, Zuzana
Format: Buch
Sprache:Slowakisch
Veröffentlicht: Bratislava 2013
Tags: Tag hinzufügen
Keine Tags, Fügen Sie das erste Tag hinzu!

MARC

LEADER 00000nbm a2200000 4500
001 0172525
005 20161109112058.5
041 0 |a slo 
044 |a SK 
245 1 0 |a Financovanie aktivít samosprávnych celkov na Slovensku súvisiacich s rozvojom regiónu  |b bakalárska práca  |c Samuel Súkennik ; školiteľ: Zuzana Neupauerová 
264 1 |a Bratislava  |c 2013 
300 |a 51 s. 
100 1 |a Súkennik, Samuel 
700 1 |a Neupauerová, Zuzana 
710 2 |a Národohospodárska fakulta EU. Katedra financií